Mirrors for man: 26 plays of the world drama

محفوظ في:
التفاصيل البيبلوغرافية
المؤلف الرئيسي: Ashley, Leonard R. N (مؤلف)
التنسيق: كتاب
اللغة:الإنجليزية
منشور في: Winthrop Winthrop College 1974
الموضوعات:
الوسوم: إضافة وسم
لا توجد وسوم, كن أول من يضع وسما على هذه التسجيلة!

MARC

LEADER 00000nam a2200000 a 4500
001 UCU4939
003 CL-VaPUC
005 20230816110518.0
008 960531e19740000us |||||||||||||||||eng|d
999 |c 248463  |d 248461 
040 |c Pontificia Universidad Católica de Valparaíso 
082 0 4 |a 808.82  |b ASH  |2 21 
100 0 |a Ashley, Leonard R. N  |e author  |9 362703 
245 1 0 |a Mirrors for man: 26 plays of the world drama 
260 |a Winthrop  |b Winthrop College  |c 1974 
300 |a 967 p 
583 |a last modification  |c 20171221 04:54:27  |k Rodrigo Vera 
600 0 |a Sófocles  |e autor  |9 269407 
600 0 7 |a Marlowe, Christopher,  |d 1564-1593  |9 862882 
600 0 |a Shakespeare, William  |9 265757 
600 0 7 |a ANOUILH, JEAN  |2 CL-VaPUC  |9 339519 
600 0 7 |a BUCHNER, GEORG  |2 CL-VaPUC  |9 322279 
600 0 |a Ibsen, Henrik   |d 1828-1906  |9 349947 
600 0 7 |a SHAW, GEORGE BERNARD  |2 CL-VaPUC  |9 322529 
650 0 |a Tragedia griega  |9 265362 
650 0 |a Drama inglés  |9 311029 
650 0 |a Drama francés  |9 313202 
650 7 |a DRAMA ALEMAN  |2 CL-VaPUC  |9 319224 
650 7 |a DRAMA NORUEGO  |2 CL-VaPUC  |9 362705 
650 0 |a DRAMA IRLANDES  |9 330167 
942 |c BK  |2 ddc 
945 |d 19960531 00:00:00  |a rleighto 
952 |0 0  |1 0  |4 0  |6 808_820000000000000_ASH_1974  |7 0  |8 A  |9 265088  |a BIBEDU  |b BIBEDU  |d 2019-11-19  |i 3205150  |o 808.82 ASH 1974  |p 3205150  |r 2019-11-19  |w 2019-11-19  |y BK  |k LIT